Lübnan bunalımı ve Filistin sorunu (Record no. 10592)

MARC details
000 -BAŞLIK
Sabit Uzunlukta Kontrol Alanı 00851na a2200253 4500
001 - KONTROL NUMARASI
Denetim Alanı 24057
003 - KONTROL NUMARASI IDENTIFIER
Denetim Alanı MIRAKIL
005 - SON İŞLEM TARİHİ VE ZAMANI
Denetim Alanı 20181213155327.0
008 - SABİT-BOY VERİ ELEMANLARI - GENEL BİLGİLER
Sabit Uzunlukta Kontrol Alanı 180306b tu 000 0
020 ## - ULUSLARARASI STANDART KİTAP NUMARASI
Uluslararası Standart Kitap Numarası 9751600510
040 ## - KATALOGLAMA KAYNAK
Orijinal Kataloglama Ajansı Milas
Kataloglama Dili tur
Metne Dönüştürmek Ajansı TR-AnCHP
041 ## - DİL KODU
Metin / Ses Parça Veya Ayrı Başlığın Dil Kodu tur
082 ## - DEWEY ONLU SINIFLANDIRMA NUMARASI
Sınıflandırma Numarası 956.92
Ürün Numarası A11l 1989
090 ## - SINIFLAMA NUMARASI
Sınıflama Numarası 956.92 A11l 1989
100 ## - ANA GİRİŞ - KİŞİSEL İSİM
Kişisel Ad Acar, İrfan C.
245 ## - BAŞLIK TABLOSU
Başlık Lübnan bunalımı ve Filistin sorunu
Sorumluluk Tablosu, Vb İrfan C. Acar
260 ## - YAYIN, DAĞITIM, VB
Yayın, Dağıtım, Vb Yeri Ankara
Yayıncı, Dağıtıcı, Vs Adı Atatürk Kültür Dil ve Tarih Yüksek Kurumu
Yayın, Dağıtım, Vb Tarihi 1989
Üretici Firma Türk Tarih Kurumu Basımevi
300 ## - FİZİKSEL TANIM
Kapsam 155 s.
Diğer Fiziksel Ayrıntıları fotğ.
Boyutlar 24 sm.
440 ## - SERİSİ TABLOSU / KATMA GİRİŞİ - BAŞLIK
Başlık Atatürk Kültür Dil ve Tarih Yüksek Kurumu Türk Tarih Kurumu yayınları
Hacim / Ardışık Tanımı xxıv. dizi- sa. 5
504 ## - KAYNAKÇA VB NOT
Kaynakça Vb Notu Kaynakça ve dizin var.
650 ## - KONU KATMA GİRİŞ - TOPİKAL DÖNEM
Topikal Süreli Veya Coğrafi Ad Giriş Elemanı Ortadoğu
Genel Alt Bölümü İsrail- Arap ilişkileri
650 ## - KONU KATMA GİRİŞ - TOPİKAL DÖNEM
Topikal Süreli Veya Coğrafi Ad Giriş Elemanı Siyaset ve yönetim
Coğrafi Alt Bölümü Filistin
942 ## - EKLENDİ GİRİŞ ELEMANLARI (KOHA)
Sınıflandırma Veya Raf Düzeni Kaynak Dewey Decimal Classification
Koha Öğesi Türü Books
999 ## - SİSTEM KONTROL NUMARALARI (KOHA)
Koha Biblionumber 10592
Koha Biblioitemnumber 10592
Holdings
Kalıcı Konum Mevcut Konum Edinme Tarihi Edinim Kaynak Toplam Check-Out'Lar Tam Çağrı Numarası Barkod Tarih Son Görülme İtibaren Geçerli Fiyatlar Koha Öğesi Türü
CHP Kütüphanesi CHP Kütüphanesi 03/06/2018 Bağış   956.92 A11l 1989 018082 03/06/2018 03/06/2018 Books